| 000 | 00509nam a2200181Ia 4500 | ||
|---|---|---|---|
| 008 | 240925s9999 xx 000 0 und d | ||
| 020 | _a067232069x | ||
| 082 | _a005.2762 LAI | ||
| 100 | _aLair, Robert | ||
| 245 | 0 | _aPure ASP.Net: a code intensine preminum reference | |
| 250 | _aNA | ||
| 260 |
_aNew Delhi: _bTechmedia _c,2002. |
||
| 300 |
_axiii,254p. _bNA _fOriginal |
||
| 500 | _aIncludes Index | ||
| 600 | _aComputer Science | ||
| 650 | _aComputer science, information & general works | ||
| 942 | _cBK | ||
| 999 |
_c7148 _d7148 |
||